| 000 | 00511nam a22001457a 4500 | ||
|---|---|---|---|
| 005 | 20251125102917.0 | ||
| 008 | 251125b |||||||| |||| 00| 0 eng d | ||
| 020 | _a978-1-4743-0111-4 | ||
| 100 | _aWIDDICOMBE, KAREN | ||
| 245 | _aTHE ALL ENGLAND LAW REPORTS 2016 | ||
| 260 |
_aLONDON _bLEXISNEXIS _c2016 |
||
| 300 | _aXX, 1144P. | ||
| 650 | _a1. LAW -REPORTS, DIGESTS ETC -ENGLAND AND WALES 2. LAW - ENGLAND AND WALES - CASES 3. COURTS - ENGLAND AND WALES 4. COMMON LAW- ENGLAND AND WALES | ||
| 942 |
_2lcc _cREF |
||
| 999 |
_c216277 _d216277 |
||